Necesidades de agua y bases para la determinación del consumo diario en Pedro Luro, Pcia.de Buenos Aires /
Guardado en:
| Autor Principal: | |
|---|---|
| Formato: | Libro |
| Idioma: | Spanish |
| Publicado: |
Bahía Blanca :
Universidad Nacional del Sur,
1965.
|
| Etiquetas: |
Agregar Etiqueta
Sin Etiquetas, Sea el primero en etiquetar este registro!
|
| LEADER | 00518nam a22001335a 4500 | ||
|---|---|---|---|
| 001 | EUN.um039494 | ||
| 008 | 041125s1965####ag#a##########000#0#spa#d | ||
| 005 | 20260414082118.0 | ||
| 245 | 1 | 0 | |a Necesidades de agua y bases para la determinación del consumo diario en Pedro Luro, Pcia.de Buenos Aires / |c Jorge A. Luque. |
| 260 | |a Bahía Blanca : |b Universidad Nacional del Sur, |c 1965. | ||
| 300 | |a 15 p. : |b ilus. ; |c 23 cm. | ||
| 100 | 1 | |a Luque, Jorge Alfredo. | |
| 082 | 0 | 4 | |a 628.1 |
| 859 | |a AR-BaUNS |b BIB. CENTRAL - Sector C |h 628.1 |i L974 |p D512/965 | ||
